000
00221nam a22000857a 4500
008
160716b xxu||||| |||| 00| 0 eng d
100
_9
2966
_a
Sewell, A
245
_a
Black Beauty
260
_a
New Delhi
_b
Orient Publication
_c
2004
999
_c
2529
_d
2529